| 000 | 00664nam a2200253Ia 4500 | ||
|---|---|---|---|
| 003 | OSt | ||
| 005 | 20221005081113.0 | ||
| 006 | a|||||r|||| 00| 0 | ||
| 007 | ta | ||
| 008 | 221004b |||||||| |||| 00| 0 hin d | ||
| 020 | _a8173153531 | ||
| 024 | _a79554 | ||
| 037 | _cTextual | ||
| 040 |
_aCRL _cCRL _bhin |
||
| 041 |
_2hin _ahin |
||
| 082 | _aO152,3N24,2, P3 | ||
| 100 |
_aSharma Manu _9610816 |
||
| 245 | 0 | _aKarn ki atamkatha | |
| 260 |
_aNew Delhi _bPrabhat Prakashan India _c2003 |
||
| 300 |
_a372p. _ccm. |
||
| 650 |
_aHINDI LITERATURE _923866 |
||
| 942 |
_hO152,3N24,2, P3 _cTEXL _2cc |
||
| 999 |
_c987159 _d987159 |
||